000 00253nam a2200097Ia 4500
001 798076
005 20250826170820.0
008 250824s9999 xx 000 0 und d
245 0 _aSERMAYEM YOK DERDİMDEN BAŞKA
_cSERDAR TUNCER
260 _bKETEBE YAYINLARI
999 _c798076
_d798076